| 000 | 00335nam a2200097Ia 4500 | ||
|---|---|---|---|
| 082 | _a330.968|ROOD | ||
| 245 | 0 | _aTax, lies and red tape : confessions of an unreconstructed neoliberal fundamentalist | |
| 100 |
_a Roodt, Dawie Cape Town, South Africa, [c.2013] _946364 |
||
| 942 | _cBK | ||
| 008 | 210817s9999 xx 000 0 und d | ||
| 999 |
_c152603 _d152602 |
||